Case Studies on Perspectives on Entrepreneurship and Sustainability (Record no. 43622)

MARC details
000 -LEADER
fixed length control field 00597nam a22001817a 4500
005 - DATE AND TIME OF LATEST TRANSACTION
control field 20250416125624.0
008 - FIXED-LENGTH DATA ELEMENTS--GENERAL INFORMATION
fixed length control field 250416b |||||||| |||| 00| 0 eng d
020 ## - INTERNATIONAL STANDARD BOOK NUMBER
International Standard Book Number 9789354352690
041 ## - LANGUAGE CODE
Language code of text/sound track or separate title eng
082 ## - DEWEY DECIMAL CLASSIFICATION NUMBER
Classification number 658.408 PII
100 ## - MAIN ENTRY--PERSONAL NAME
Author Piispanen, Ville-Veikko
245 ## - TITLE STATEMENT
Title Case Studies on Perspectives on Entrepreneurship and Sustainability
260 ## - PUBLICATION, DISTRIBUTION, ETC.
Place New Delhi
Publisher Bloomsbury Academic India
Publication Year 2021
300 ## - PHYSICAL DESCRIPTION
Extent 276;. pages: 25 cm
650 ## - SUBJECT ADDED ENTRY--TOPICAL TERM
Subject Entrepreneurship; Sustainable Development; Organizational Change-Management
700 ## - ADDED ENTRY--PERSONAL NAME
Co-Author Dey, Ajoy Kumar and Mishra, Shreya
942 ## - ADDED ENTRY ELEMENTS (KOHA)
Koha item type Books
Holdings
Withdrawn status Lost status Source of classification or shelving scheme Damaged status Not for loan Home library Current library Shelving location Accession Date Vendor Price Bill number Total Checkouts Full call number Barcode No Date last seen Discount Bill Date Koha item type Suggested By
    Dewey Decimal Classification     IMTN IMTN Rack 31-B 03/27/2025 Raghav Books Private Limited 999.00 2374   658.408 PII 33883 04/16/2025 30 02/14/2025 Books Mr. Shridhar Rao (IT)
Designed & Maintained by: LRC IMT Nagpur Contact: lrc@imtnag.ac.in© 2024. All Rights Reserved.